00476nam a2200085Ia 4500008004100000245002300041300025500064650001600319856005500335170517s9999 xx 000 0 und d aOur Chemical Lives aThe chemical industry began to accelerate following World War II. Today, chemicals are so omnipresent in our lives that many times we are unaware of our daily interactions with them. Their presence is often insidious, and lax regulatory guidelines... xTechnology. uhttp://topdocumentaryfilms.com/our-chemical-lives/